00410nam a22001337a 4500008004100000020001900041050002300060100002900083245006900112300003300181500001900214650002000233700002300253161109b xxu||||| |||| 00| 0 eng d a97803211314901 aHB 172.5 .R35 2008 aRagan, Christopher T. S. aMicroeconomics/cChristopher, T. S Ragan and Richard G. Lipsey. axxii, 885p. :bill. ;c26cm. aInclude index. aMacroeconomics. aLipsey, Richard G.